U.S. election losers - Statistics

General Stats
  • This quiz has been taken 19 times
  • The average score is 16 of 19
Answer Stats
Picture Answer % Correct
Donald Trump
100%
Hillary Clinton
100%
Kamala Harris
100%
Richard Nixon
100%
Gerald Ford
94%
Jimmy Carter
94%
Mitt Romney
94%
Al gore
89%
George H.W. Bush
89%
John Kerry
89%
Walter Mondale
89%
John McCain
83%
Bob Dole
72%
Michael Dukakis
67%
Barry Goldwater
61%
George McGovern
61%
Hubert Humphrey
61%
Adlai Stevenson
56%
Thomas Dewey
56%
No matching quizzes found
Score Distribution
Percent of People with Each Score
Percentile by Number Answered
Your Score History
You have not taken this quiz